000 00607nam a2200253 a 4500
003 AR-BaBNM
005 20251128203618.0
008 082120s2002 ||||||||||||||000 | spa||
040 _cAR-BaBNM
100 1 _aPérez Galdós, Benito
245 0 0 _aEl amigo manso
250 _a3ª ed.
260 _aBuenos Aires
_bLosada
_c1948
300 _a263 p.
490 0 _aBiblioteca contemporánea
_vv. 42
650 4 _aANALISIS LITERARIO
650 4 _aREALISMO
650 4 _aNOVELAS
650 4 _aLITERATURA ESPAÑOLA
653 _aNATURALISMO
655 _aLITERATURA
942 _cBK
998 _cisola
999 _c4135
_d4135